Des poètes français contemporains
Збережено в:
| Формат: | Книга |
|---|---|
| Мова: | Undetermined |
| Опубліковано: |
París, Francia
Ministère des Affaires étrangères
1984
|
| Предмети: | |
| Теги: |
Додати тег
Немає тегів, Будьте першим, хто поставить тег для цього запису!
|
MARC
| LEADER | 00000nam a2200000Ia 4500 | ||
|---|---|---|---|
| 008 | 170316s9999 xx 000 0 und d | ||
| 040 | |a cru BVZT | ||
| 090 | |a A-840 D-2d | ||
| 245 | |a Des poètes français contemporains | ||
| 260 | |a París, Francia | ||
| 260 | |b Ministère des Affaires étrangères | ||
| 260 | |c 1984 | ||
| 300 | |a [s.páginas] | ||
| 650 | |a LITERATURA FRANCESA | ||
| 650 | |a ANTOLOGÍA | ||
| 999 | |c 12407 |d 12407 | ||
| 942 | |c 15 D |h A-840 D-2d |2 z | ||
